Geometría : su enseñanza /

Guardado en:
Autor Principal: Guasco, María Josefa
Otros Autores: Crespo Crespo, Cecilia
Formato: Libro
Publicado: Buenos Aires : Conicet, 1996
Series:Pro Ciencia
Materias:
Etiquetas: Agregar Etiqueta
Sin Etiquetas, Sea el primero en etiquetar este registro!
LEADER 01645nam a22003015a 4500
001 CEM.cems009571
005 20080828104003.0
008 130507s1996##################000#0#####d
003 CEMS
020 |a 9506870306 
082 0 4 |a 513 
100 1 |a Guasco, María Josefa 
245 1 0 |a Geometría :  |b su enseñanza /  |c María Josefa Guasco, Cecilia Crespo Crespo 
260 |a Buenos Aires :  |b Conicet,  |c 1996 
300 |a 221 p. 
490 0 |a Pro Ciencia 
500 |a Red Federal de Formación Docente Continuaprograma de Perfeccionamiento Docente 
505 0 |a Los primeros siglos de la geometría Geometría prehelénica -- De Thales a Arquímedes -- Trabajando en la plano y el espacio -- Entes fundamentales? -- Triángulos y pirámides -- Paralelogramos y prismas -- Polígonos y poliedros -- Los vectores y sus aplicaciones -- Vectores y números -- Trabajando con vectores -- Teorema de Thales -- La recta -- Los fundamentos vienen después -- La historia del quinto postulado después de Euclides -- Geometrías no euclideanas y crisis de los fundamentos -- Sistematización y enseñanza -- Hay otras geometrías? -- Geometría fractal -- Geometría esférica -- Geometría de la convexidad 
653 |a Geometría 
653 |a Geometría-enseñanza 
653 |a Geometría del espacio 
653 |a Geometría no euclideana 
653 |a Geometría plana 
700 1 |a Crespo Crespo, Cecilia 
859 |a CEMS  |b BIB. CEMS - 11 de abril  |h 513  |i G932  |p 19410.97  |t Ej.1 
859 |a CEMS  |b BIB. CEMS - 11 de abril  |h 513  |i G932  |p 19411.97  |t Ej.2 
859 |a CEMS  |b BIB. CEMS - 11 de abril  |h 513  |i G932  |p 19412.97  |t Ej.3 
859 |a CEMS  |b BIB. CEMS